书目信息 |
| 题名: |
相爱容易相处不难
|
|
| 作者: | 林蕙瑛 著 | |
| 分册: | ||
| 出版信息: | 北京 北京出版社 2001.01 |
|
| 页数: | 213页 | |
| 开本: | 20cm | |
| 丛书名: | 非常作家系列 | |
| 单 册: | ||
| 中图分类: | C913.1 | |
| 科图分类: | ||
| 主题词: | 家庭--jia ting--通俗读物 , 婚姻--hun yin--通俗读物 | |
| 电子资源: | ||
| ISBN: | 7-200-04153-X | |
| 000 | 01060nam 2200289 450 | |
| 001 | 012008043637 | |
| 005 | 20080424114253.39 | |
| 010 | @a7-200-04153-X@dCNY14.00 | |
| 100 | @a20080424d2001 km y0chiy0120 ea | |
| 101 | 0 | @achi |
| 102 | @aCN@b110000 | |
| 105 | @ay z 000yy | |
| 106 | @ar | |
| 200 | 1 | @a相爱容易相处不难@Axiang ai rong yi xiang chu bu nan@f林蕙瑛著@Flin hui ying zhu |
| 210 | @a北京@c北京出版社@d2001.01 | |
| 215 | @a213页@d20cm | |
| 225 | 2 | @a非常作家系列@Afei chang zuo jia xi lie |
| 306 | @a台湾九仪出版社授权出版。 | |
| 314 | @a林蕙瑛,台湾省台北县人,现任东吴大学心理系副教授、婚姻咨商专家、性治疗师、专栏作家,著有《情观情关》、《当你离婚后》等。 | |
| 330 | @a本书主要讲述了如何做到夫妻生活美满、家庭和睦幸福,如《夫妻的良性互动》、《夫妻的相处之道》、《婆媳一家亲》等。 | |
| 410 | 0 | @12001 @a非常作家系列 |
| 606 | 0 | @a家庭@Ajia ting@j通俗读物 |
| 606 | 0 | @a婚姻@Ahun yin@j通俗读物 |
| 690 | @aC913.1@v4 | |
| 701 | 0 | @a林蕙瑛@Alin hui ying@4著 |
| 801 | 0 | @aCN@bRULIN@c20080424 |
| 905 | @b20703274-76@dC913.1@eL503@f3 | |
| 相爱容易相处不难/林蕙瑛著.-北京:北京出版社,2001.01 |
| 213页;20cm.-(非常作家系列) |
| ISBN 7-200-04153-X:CNY14.00 |
| 本书主要讲述了如何做到夫妻生活美满、家庭和睦幸福,如《夫妻的良性互动》、《夫妻的相处之道》、《婆媳一家亲》等。 |
| ● |
| 相关链接 |
|
|
|
正题名:相爱容易相处不难
索取号:C913.1/L503
 
预约/预借
| 序号 | 登录号 | 条形码 | 馆藏地/架位号 | 状态 | 备注 |
| 1 | 703274 | 207032744 | 社科库509/509社科库 60排6列3层/ [索取号:C913.1/L503] | 在馆 | |
| 2 | 703275 | 207032753 | 社科库509/509社科库 60排6列3层/ [索取号:C913.1/L503] | 在馆 | |
| 3 | 703276 | 207032762 | 社科库509/509社科库 60排6列3层/ [索取号:C913.1/L503] | 在馆 |